Prof. G Ram Reddy Library

Current trends in data management technology (Record no. 63152)

MARC details
000 -LEADER
fixed length control field 00541nam a2200193Ia 4500
003 - CONTROL NUMBER IDENTIFIER
control field LDD
008 - FIXED-LENGTH DATA ELEMENTS--GENERAL INFORMATION
fixed length control field 181029s9999 xx 000 0 und d
020 ## - INTERNATIONAL STANDARD BOOK NUMBER
International Standard Book Number 1878289578
Terms of availability US
Linkage 4.95
040 ## - CATALOGING SOURCE
Transcribing agency LDD
100 ## - MAIN ENTRY--PERSONAL NAME
Personal name Dogac,Asuman
245 #0 - TITLE STATEMENT
Title Current trends in data management technology
Statement of responsibility, etc. Asuman Dogac
260 ## - PUBLICATION, DISTRIBUTION, ETC.
Place of publication, distribution, etc. Hershey
Name of publisher, distributor, etc. IDEA
Date of publication, distribution, etc. 1999
300 ## - PHYSICAL DESCRIPTION
Extent 213
365 ## - TRADE PRICE
Price amount US
Linkage 4.95
901 ## - LOCAL DATA ELEMENT A, LDA (RLIN)
a 1662
b 30-03-1999
902 ## - LOCAL DATA ELEMENT B, LDB (RLIN)
a SAR/10789
b 30-03-1999
c F
d SB
e 0
903 ## - LOCAL DATA ELEMENT C, LDC (RLIN)
a Discount-10
b Reqst by : Neela Jagnnathan
942 ## - ADDED ENTRY ELEMENTS (KOHA)
Source of classification or shelving scheme Dewey Decimal Classification
Koha item type Books
Holdings
Withdrawn status Lost status Source of classification or shelving scheme Damaged status Not for loan Home library Current library Total Checkouts Full call number Barcode Date last seen Cost, replacement price Price effective from Koha item type
No   Dewey Decimal Classification     Library and Documentation Division Library and Documentation Division   005.74 D677C 046476 11/01/2018 2844.81 11/01/2018 Books

© Prof. G Ram Reddy Centre Library, Indira Gandhi National Open University, Maidan Garhi, New Delhi, 110068
+91-011-29532797 | FAX+91-011-29533393 |